Ecuador-España (Record no. 19150)

MARC details
000 -LEADER
campo de control de longitud fija 01159nam a2200301 i 4500
001 - NÚMERO DE CONTROL
campo de control 19150
003 - IDENTIFICADOR DE NÚMERO DE CONTROL
campo de control ES-MaACL
005 - FECHA Y HORA DE LA ÚLTIMA TRANSACCIÓN
campo de control 20240228143342.0
007 - CAMPO FIJO DE DESCRIPCIÓN FÍSICA--INFORMACIÓN GENERAL
campo de control de longitud fija t|
008 - DATOS DE LONGITUD FIJA--INFORMACIÓN GENERAL
campo de control de longitud fija 020625s2001 ec ||||1| spa d
020 ## - NÚMERO INTERNACIONAL ESTÁNDAR DEL LIBRO
Número Internacional Estándar del Libro 9978-92-174-5
080 ## - NÚMERO DE LA CLASIFICACIÓN DECIMAL UNIVERSAL
Número de la Clasificación Decimal Universal 327(460:866)(091)
080 ## - NÚMERO DE LA CLASIFICACIÓN DECIMAL UNIVERSAL
Número de la Clasificación Decimal Universal 327(866:460)(091)
080 ## - NÚMERO DE LA CLASIFICACIÓN DECIMAL UNIVERSAL
Número de la Clasificación Decimal Universal 94(866)
245 00 - MENCIÓN DEL TÍTULO
Título Ecuador-España
Resto del título : historia y perspectiva : estudios /
Mención de responsabilidad, etc. coordinación, María Elena Porras y Pedro Calvo-Sotelo.
260 ## - PUBLICACIÓN, DISTRIBUCIÓN, ETC.
Lugar de publicación, distribución, etc. [Quito] :
Nombre del editor, distribuidor, etc. Embajada de España en el Ecuador :
-- Archivo Histórico del Ministerio de Relaciones Exteriores del Ecuador,
Fecha de publicación, distribución, etc. [2001]
300 ## - DESCRIPCIÓN FÍSICA
Extensión 295 p. :
Otras características físicas il. col. y n. ;
Dimensiones 30 cm.
504 ## - NOTA DE BIBLIOGRAFÍA, ETC.
Nota de bibliografía, etc. Bibliografía: p. 276-295.
651 #4 - PUNTO DE ACCESO ADICIONAL DE MATERIA--NOMBRE GEOGRÁFICO
Nombre geográfico Ecuador-
Subdivisión general Relaciones-
Subdivisión geográfica España-
Subdivisión de forma Historia.
9 (RLIN) 8136
651 #4 - PUNTO DE ACCESO ADICIONAL DE MATERIA--NOMBRE GEOGRÁFICO
Nombre geográfico España-
Subdivisión general Relaciones-
Subdivisión geográfica Ecuador
9 (RLIN) 8461
651 #4 - PUNTO DE ACCESO ADICIONAL DE MATERIA--NOMBRE GEOGRÁFICO
Nombre geográfico Ecuador-
Subdivisión general Historia.
9 (RLIN) 8134
700 1# - ENTRADA AGREGADA--NOMBRE PERSONAL
Nombre de persona Porras, María Elena.
9 (RLIN) 93144
700 1# - ENTRADA AGREGADA--NOMBRE PERSONAL
Nombre de persona Calvo-Sotelo Ibáñez-Martín, Pedro.
9 (RLIN) 33918
710 1# - ENTRADA AGREGADA--NOMBRE DE ENTIDAD CORPORATIVA
Nombre de entidad corporativa o nombre de jurisdicción como elemento de entrada España.
Unidad subordinada Embajada (Ecuador)
9 (RLIN) 3800
710 1# - ENTRADA AGREGADA--NOMBRE DE ENTIDAD CORPORATIVA
Nombre de entidad corporativa o nombre de jurisdicción como elemento de entrada Ecuador.
Unidad subordinada Ministerio de Relaciones Exteriores. Archivo Histórico.
9 (RLIN) 3421
852 ## - LOCALIZACIÓN
Ubicación ES-MaACL
Número de control de estantería L-25578
Holdings
Estatus retirado Estado de pérdida Estado de daño No para préstamo Biblioteca de origen Biblioteca actual Ubicación en estantería Fecha de adquisición Fuente de adquisición Total de préstamos Signatura topográfica completa Código de barras Visto por última vez Precio de reemplazo Tipo de ítem Koha
        Biblioteca del Ateneo de Madrid Biblioteca del Ateneo de Madrid Depósito 2 17/01/2008     L-25578 1019594 23/02/2023 23/02/2023 Libro impreso